Vista normal Vista MARC

Entrada Materia (reunión)

Número de registros utilizados en: 1

001 - CONTROL NUMBER

  • control field: 76484

003 - CONTROL NUMBER IDENTIFIER

  • control field: Co-BoUCM

005 - DATE AND TIME OF LATEST TRANSACTION

  • control field: 20160408100441.0

008 - FIXED-LENGTH DATA ELEMENTS

  • fixed length control field: 160408|| aca||aabn | a|a d

040 ## - CATALOGING SOURCE

  • Original cataloging agency: Co-BoUCM
  • Transcribing agency: Co-BoUCM

111 ## - HEADING--MEETING NAME

  • Meeting name or jurisdiction name as entry element: Congreso de Responsabilidad Social Empresarial
  • Location of meeting: Bogotá (Colombia)
  • Date of meeting: 2014
  • Number of part/section/meeting: 4

670 ## - SOURCE DATA FOUND

  • Source citation: Work cat.: (Co-BoUCM)303059: Congreso de Responsabilidad Social Empresarial Bogotá (Colombia) 2014 4, Jóvenes semilla para la reconciliación, 2015